| 000 | 00454 a2200157 4500 | ||
|---|---|---|---|
| 999 |
_c4745 _d4745 |
||
| 020 | _a0521586852 | ||
| 050 | _aQA 75.5 KAL 2002 | ||
| 100 |
_aKalicharan, Noel _eauthor |
||
| 245 |
_aAn introduction to computer studies / _cNoel Kalicharan |
||
| 264 |
_aLondon : _bCampridge University Press _c2002 |
||
| 300 |
_a366p. : _bill. |
||
| 500 | _aIncludes index | ||
| 650 | _aComputers | ||
| 650 | _aElectronic data processing | ||
| 942 |
_2lcc _cBK _h75.5 _iKAL _kQA |
||